000 00412nam a2200181Ia 4500
008 230524s9999 xx 000 0 und d
020 _a0074603183
082 _a5.133
_bROY
100 _aN.K.Roy
245 0 _aCobol Programming
250 _a2ND
260 _aNEW DELHI
_bTMH
_c1999
300 _aXX;496
500 _aQuantity Number: 44
650 _aComp-Sc
700 _a D.Ghosh Dastidar
942 _cBK
999 _c5060
_d5060